A organização social das abelhas (Apis) (Registo nº 200289)

Detalhes MARC
000 -Etiqueta do registo
Valores 00588nam 22001813 4500
100 ## - Dados gerais de processamento
Dados gerais 20260202d u||y0pory50 ba
200 ## - Titulo e menção de responsabilidade
Título próprio A organização social das abelhas (Apis)
Primeira menção de responsabilidade John B. Free
210 ## - Publicação
Local de publicação São Paulo
Nome do editor Editora Pedagógica e Universitária Ltda, Editora da Universidade de São Paulo
Data de publicação 1980
215 ## - Descrição física 
Paginação / Volumes [XII], 79, [3] p.
Outras indicações físicas il. ; brochado
Dimensões 21 cm
225 ## - Colecção 
Título próprio da colecção Temas de biologia
Indicação de volume 13
606 ## - Nome comum usado como assunto
ID Autoridade 74
Palavra de ordem Zoologia
675 ## - CDU
Notação 59
Edição BR
Língua por
700 ## - Autor principal (pessoa individual)
ID Autoridade 16107
Apelido Free
Nome John B.
Datas 1927-2006
801 ## - Fonte de origem
País PT
Agência BMMN
Regras de catalogação RPC
830 ## - Notas gerais do catalogador
Criado por Vanda
990 ## - Elementos KOHA
Tipo de documento Livro
Exemplares
Situação do levantamento Biblioteca de origem Código de barras Cota Permissão de empréstimo Tipo de documento Forma de aquisição
  Biblioteca Municipal de Montemor-o-Novo 29434 59 FRE|DEP   Livro Compra

Powered by Koha